| Поле | Название | Значение |
| |
Тип записи |
i |
| |
Библиографический уровень |
m |
| 001 |
Контрольный номер |
474eab4a1388439a8ab03b49c46ec473 |
| 005 |
Дата корректировки |
20220210161238.1 |
| 010 |
Индекс ISBN |
__ |
| b |
Уточнения |
в кор. |
| d |
Цена |
300-00 |
| 100 |
Данные общей обработки |
__ |
| a |
Данные общей обработки |
20210205d2018####m y0rusy028902 ca |
| 101 |
Язык документа |
0_ |
| a |
Язык текста |
rus |
| 102 |
Страна публикации |
__ |
| a |
Страна публикации |
RU |
| 106 |
Кодированные данные (форма документа) |
__ |
| a |
Кодированные данные для формы документа (Обозначение носителя) |
s |
| 125 |
Кодированные данные звукозаписи и нотных изданий |
__ |
| b |
Определитель литературного текста |
с |
| 126 |
Кодированные данные (звукозаписи-физические характеристики) |
__ |
| a |
Кодированные данные звукозаписи (общие) |
аgbхhхх сd |
| 127 |
Кодированные данные (звукозаписи-физические характеристики) |
__ |
| a |
Продолжительность проигрывания |
3547## |
| 135 |
Кодированные данные (электронные ресурсы) |
__ |
| a |
Кодированные данные (электронные ресурсы) |
hongannnauuuu |
| 139 |
Кодированные данные (электронные ресурсы) |
__ |
| a |
Кодированные данные (электронные ресурсы) |
caz |
| 181 |
Поле кодированных данных: вид содержания |
_0 |
| a |
Код вида содержания (ISBD) |
h |
| 182 |
Поле кодированных данных: тип средства |
_0 |
| a |
Код типа средства (ISBD) |
a |
| 200 |
Заглавие и сведения об ответственности |
1_ |
| a |
Заглавие |
Океанский патруль |
| e |
Сведения, относящиеся к заглавию |
[аудиокнига] |
| f |
Первые сведения об ответственности |
Валентин Пикуль ; читает Андрей Кузнецов ; звукорежиссеры: Алеся Батанцева, Софья Дорина |
| 203 |
Вид содержания и тип средства |
__ |
| a |
Вид содержания |
Устная речь |
| c |
Тип средства |
аудио |
| 210 |
Выходные данные |
1_ |
| a |
Место издания |
Москва |
| c |
Издательство |
АРДИС |
| d |
Дата издания |
2018 |
| 215 |
Физическое описание |
__ |
| a |
Объем |
2 электрон. опт. диска (CD-ROM) (35 ч. 47 мин.) |
| c |
Иллюстрации/тип воспроизводства |
зв. |
| d |
Формат |
12 см |
| 225 |
Серия |
1_ |
| a |
Серия |
Аудиокнига |
| 300 |
Общие примечания |
__ |
| a |
Общие примечания |
Заглавие с этикетки диска |
| 300 |
Общие примечания |
__ |
| a |
Общие примечания |
Данные в формате MP3 |
| 330 |
Аннотация |
__ |
| a |
Аннотация |
Роман посвящен малоизвестным страницам Великой Отечественной войны, а именно боевым действиям на Северных фронтах. К сожалению, у нас очень мало пишут о боях в Заполярье. Автор – являвшийся непосредственным участником Великой Отечественной Войны именно на Севере просто не мог обойти эти события стороной и не рассказать о них широкой публике. Боевые действия на северных фронтах имели важное значение и немало повлияли на ход Второй мировой войны. В знак признания заслуг людей принявших непосредственное участие в этих событиях появилась медаль "За оборону советского Заполярья". |
| 333 |
Примечание о целевом назначении |
__ |
| a |
Примечание о целевом назначении |
12+. Для детей старше 12 лет |
| 337 |
Примечание о системных требованиях (электронные ресурсы) |
__ |
| a |
Примечание о системных требованиях (электронные ресурсы) |
Системные требования: Pentium 4 ; Windows 2000 ; CD-ROM дисковод ; звуковая карта ; MPEG-I Layer-3 (mp3) ; 80 kbps ; 16 bit ; 44.1 kHz ; stereo |
| 464 |
Аналитический уровень |
_0 |
| 1 |
|
2001 |
| a |
|
Аскольдовцы |
| 464 |
Аналитический уровень |
_0 |
| 1 |
|
2001 |
| a |
|
Ветер с океана |
| 606 |
Тематические рубрики |
__ |
| a |
Основная рубрика |
Художественная литература |
| 606 |
Тематические рубрики |
__ |
| a |
Основная рубрика |
Русская литература XX в. (произведения) |
| 610 |
Ключевые слова |
0_ |
| a |
Ключевые слова |
проза |
| 610 |
Ключевые слова |
0_ |
| a |
Ключевые слова |
романы |
| 610 |
Ключевые слова |
0_ |
| a |
Ключевые слова |
исторические романы |
| 610 |
Ключевые слова |
0_ |
| a |
Ключевые слова |
тема войны |
| 610 |
Ключевые слова |
0_ |
| a |
Ключевые слова |
тема патриотизма |
| 610 |
Ключевые слова |
0_ |
| a |
Ключевые слова |
тема родины |
| 610 |
Ключевые слова |
0_ |
| a |
Ключевые слова |
патриотическая тема |
| 610 |
Ключевые слова |
0_ |
| a |
Ключевые слова |
тема истории |
| 610 |
Ключевые слова |
0_ |
| a |
Ключевые слова |
Великая Отечественная война |
| 610 |
Ключевые слова |
0_ |
| a |
Ключевые слова |
тема патриотизма |
| 610 |
Ключевые слова |
0_ |
| a |
Ключевые слова |
тема военной службы |
| 610 |
Ключевые слова |
0_ |
| a |
Ключевые слова |
тема морского флота |
| 686 |
Индексы других классификаций |
__ |
| a |
Классификационный индекс |
84(2=411.2)6-4я04; ст84(2=411.2)6-4я0 |
| 2 |
Код системы |
rubbks |
| 700 |
Автор |
_1 |
| a |
Фамилия |
Пикуль |
| f |
Даты |
1928-1990 |
| g |
Полное личное имя |
Валентин Саввич |
| 4 |
Код отношения |
070 |
| b |
Имя |
В. С. |
| 702 |
Вторичная интеллектуальная ответственность |
_1 |
| a |
Фамилия |
Кузнецов |
| b |
Имя |
А. |
| g |
Полное личное имя |
Андрей |
| 4 |
Код отношения |
590 |
| f |
Даты |
1974- |
| 702 |
Вторичная интеллектуальная ответственность |
_1 |
| a |
Фамилия |
Батанцева |
| g |
Полное личное имя |
Алеся |
| 4 |
Код отношения |
570 |
| b |
Имя |
А. |
| 702 |
Вторичная интеллектуальная ответственность |
_1 |
| a |
Фамилия |
Дорина |
| b |
Имя |
С. |
| g |
Полное личное имя |
Софья |
| 4 |
Код отношения |
570 |
| 801 |
Источник записи |
_1 |
| a |
Страна |
RU |
| b |
Организация |
Муниципальное бюджетное учреждение культуры "Централизованная библиотечная система" г. Сургут (Центральная городская библиотека им. А. С. Пушкина) |
| c |
Дата составления |
20210209 |
| g |
Правила каталогизации |
PSBO |
| 801 |
Источник записи |
_1 |
| a |
Страна |
RU |
| b |
Организация |
Муниципальное бюджетное учреждение культуры "Централизованная библиотечная система" г. Сургут (Центральная городская библиотека им. А. С. Пушкина) |
| c |
Дата составления |
20210209 |
| g |
Правила каталогизации |
PSBO |
| 852 |
Данные о местонахождении |
__ |
| j |
Шифр хранения |
84(2=411.2)6-4я04 |
| i |
Авторский знак |
П 32 |
| 899 |
Данные о местонахождении |
__ |
| a |
Местонахождение |
ЦБС Сургут |
| 900 |
Макрообъекты |
__ |
| a |
Макрообъекты |
Океанский патруль, 2018 |
| 901 |
Тип документа |
__ |
| a |
Ответственный |
ООФиК/Волкова |
| t |
Тип документа |
0 |
| 903 |
Характеристики (МАРС) |
__ |
| a |
Дата передачи |
20210209 |
| c |
Наименование библиотеки (МАРС) |
Муниципальное бюджетное учреждение культуры "Централизованная библиотечная система" г. Сургут (Центральная городская библиотека им. А. С. Пушкина) |
| 969 |
Тип издания |
__ |
| a |
Тип издания |
издание для слепых |
| a |
Тип издания |
аудиокнига |
| 990 |
Данные о заказе (DOS) |
__ |
| j |
Количество экземпляров (DOS) |
2 |
| t |
N записи в КСУ для И/У (DOS) |
202102 |